Matemáticas para Ingeniería. Cálculo en varias variables.
Uloženo v:
| Hlavní autor: | |
|---|---|
| Další autoři: | , |
| Médium: | Kniha |
| Vydáno: |
Valparaíso, Chile:
Ediciones PUCV,
2024.
|
| Vydání: | Primera edición |
| Edice: | Colección Ingeniería
|
| Témata: | |
| Tagy: |
Přidat tag
Žádné tagy, Buďte první, kdo vytvoří štítek k tomuto záznamu!
|
MARC
| LEADER | 00000nam a22000007a 4500 | ||
|---|---|---|---|
| 003 | CL-VaPUC | ||
| 005 | 20240807104737.0 | ||
| 008 | 240708t2024 ||||| |||| 00| 0 eng d | ||
| 999 | |c 444176 |d 444174 | ||
| 020 | |a 978-956-17-1124-2 Obra completa | ||
| 020 | |a 978-956-17-1127-3 v.3 | ||
| 040 | |c Pontificia Universidad Católica de Valparaíso | ||
| 082 | 7 | |2 22 |a 515.33 LOP 2024 | |
| 100 | |a López Olate, José Luis |9 874193 |e autor | ||
| 245 | |a Matemáticas para Ingeniería. |b Cálculo en varias variables. | ||
| 250 | |a Primera edición | ||
| 260 | |a Valparaíso, Chile: |b Ediciones PUCV, |c 2024. | ||
| 300 | |a 391 páginas. | ||
| 490 | |a Colección Ingeniería |n 3 | ||
| 500 | |a c.1 Donación Ediciones PUCV. Facultad de Ingeniería 08/07/2024 | ||
| 583 | |c 20240708 |k Angela Raggi | ||
| 650 | 0 | |a Cálculo diferencial |9 260102 |x Funciones de varias variables |x Derivadas | |
| 650 | 0 | |a Integral de línea |9 890079 | |
| 650 | 0 | |a Integral de superficie |9 425367 | |
| 650 | 0 | |a Integrales múltiples |9 421923 | |
| 650 | 0 | |a Matemática para Ingeniería |9 548213 | |
| 650 | 0 | |a Álgebra lineal |9 260445 | |
| 700 | |a Miranda Carrasco, Gabriela Alejandra |e autora |9 847543 | ||
| 700 | |a Ovalle Ovalle, Jorge Andrés |e autor |9 837192 | ||
| 942 | |2 ddc |c BK | ||
| 952 | |0 0 |1 0 |2 ddc |4 0 |6 515_330000000000000_LOP_2024 |7 0 |8 A |9 595334 |a BIBING |b BIBING |c GEN |d 2024-07-08 |e Donación |h v.3 |i 5661900 |l 3 |o 515.33 LOP 2024 |p 5661900 |r 2025-03-18 |s 2025-03-11 |t 1 |w 2024-07-09 |y BK |k ING | ||
| 952 | |0 0 |1 0 |2 ddc |4 0 |6 515_330000000000000_LOP_2024 |7 0 |8 A |9 595485 |a BIBING |b BIBING |c GEN |d 2024-07-08 |e Donación |h v.3 |i 5661924 |o 515.33 LOP 2024 |p 5661924 |r 2025-01-20 |t 25 |w 2024-07-09 |y BK |k ING | ||
| 952 | |0 0 |1 0 |2 ddc |4 0 |6 515_330000000000000_LOP_2024 |7 0 |8 A |9 595486 |a BIBING |b BIBING |c GEN |d 2024-07-08 |e Donación |h v.3 |i 5661923 |o 515.33 LOP 2024 |p 5661923 |r 2025-01-20 |t 24 |w 2024-07-09 |y BK |k ING | ||
| 952 | |0 0 |1 0 |2 ddc |4 0 |6 515_330000000000000_LOP_2024 |7 0 |8 A |9 595487 |a BIBING |b BIBING |c GEN |d 2024-07-08 |e Donación |h v.3 |i 5661922 |l 1 |o 515.33 LOP 2024 |p 5661922 |r 2025-01-20 |s 2024-08-08 |t 23 |w 2024-07-09 |y BK |k ING | ||
| 952 | |0 0 |1 0 |2 ddc |4 0 |6 515_330000000000000_LOP_2024 |7 0 |8 A |9 595488 |a BIBING |b BIBING |c GEN |d 2024-07-08 |e Donación |h v.3 |i 5661921 |o 515.33 LOP 2024 |p 5661921 |r 2025-01-20 |t 22 |w 2024-07-09 |y BK |k ING | ||
| 952 | |0 0 |1 0 |2 ddc |4 0 |6 515_330000000000000_LOP_2024 |7 0 |8 A |9 595489 |a BIBING |b BIBING |c GEN |d 2024-07-08 |e Donación |h v.3 |i 5661920 |o 515.33 LOP 2024 |p 5661920 |r 2025-01-20 |t 21 |w 2024-07-09 |y BK |k ING | ||
| 952 | |0 0 |1 0 |2 ddc |4 0 |6 515_330000000000000_LOP_2024 |7 0 |8 A |9 595490 |a BIBING |b BIBING |c GEN |d 2024-07-08 |e Donación |h v.3 |i 5661919 |o 515.33 LOP 2024 |p 5661919 |r 2025-01-20 |t 20 |w 2024-07-09 |y BK |k ING | ||
| 952 | |0 0 |1 0 |2 ddc |4 0 |6 515_330000000000000_LOP_2024 |7 0 |8 A |9 595491 |a BIBING |b BIBING |c GEN |d 2024-07-08 |e Donación |h v.3 |i 5661918 |o 515.33 LOP 2024 |p 5661918 |r 2025-01-20 |t 19 |w 2024-07-09 |y BK |k ING | ||
| 952 | |0 0 |1 0 |2 ddc |4 0 |6 515_330000000000000_LOP_2024 |7 0 |8 A |9 595492 |a BIBING |b BIBING |c GEN |d 2024-07-08 |e Donación |h v.3 |i 5661917 |o 515.33 LOP 2024 |p 5661917 |r 2025-01-20 |t 18 |w 2024-07-09 |y BK |k ING | ||
| 952 | |0 0 |1 0 |2 ddc |4 0 |6 515_330000000000000_LOP_2024 |7 0 |8 A |9 595493 |a BIBING |b BIBING |c GEN |d 2024-07-08 |e Donación |h v.3 |i 5661916 |o 515.33 LOP 2024 |p 5661916 |r 2025-01-20 |t 17 |w 2024-07-09 |y BK |k ING | ||
| 952 | |0 0 |1 0 |2 ddc |4 0 |6 515_330000000000000_LOP_2024 |7 0 |8 A |9 595494 |a BIBING |b BIBING |c GEN |d 2024-07-08 |e Donación |h v.3 |i 5661915 |o 515.33 LOP 2024 |p 5661915 |r 2025-01-20 |t 16 |w 2024-07-09 |y BK |k ING | ||
| 952 | |0 0 |1 0 |2 ddc |4 0 |6 515_330000000000000_LOP_2024 |7 0 |8 A |9 595495 |a BIBING |b BIBING |c GEN |d 2024-07-08 |e Donación |h v.3 |i 5661914 |o 515.33 LOP 2024 |p 5661914 |r 2025-01-20 |t 15 |w 2024-07-09 |y BK |k ING | ||
| 952 | |0 0 |1 0 |2 ddc |4 0 |6 515_330000000000000_LOP_2024 |7 0 |8 A |9 595496 |a BIBING |b BIBING |c GEN |d 2024-07-08 |e Donación |h v.3 |i 5661913 |o 515.33 LOP 2024 |p 5661913 |r 2025-01-20 |t 14 |w 2024-07-09 |y BK |k ING | ||
| 952 | |0 0 |1 0 |2 ddc |4 0 |6 515_330000000000000_LOP_2024 |7 0 |8 A |9 595497 |a BIBING |b BIBING |c GEN |d 2024-07-08 |e Donación |h v.3 |i 5661912 |o 515.33 LOP 2024 |p 5661912 |r 2025-01-20 |t 13 |w 2024-07-09 |y BK |k ING | ||
| 952 | |0 0 |1 0 |2 ddc |4 0 |6 515_330000000000000_LOP_2024 |7 0 |8 A |9 595498 |a BIBING |b BIBING |c GEN |d 2024-07-08 |e Donación |h v.3 |i 5661911 |o 515.33 LOP 2024 |p 5661911 |r 2025-01-20 |t 12 |w 2024-07-09 |y BK |k ING | ||
| 952 | |0 0 |1 0 |2 ddc |4 0 |6 515_330000000000000_LOP_2024 |7 0 |8 A |9 595499 |a BIBING |b BIBING |c GEN |d 2024-07-08 |e Donación |h v.3 |i 5661910 |o 515.33 LOP 2024 |p 5661910 |r 2025-01-20 |t 11 |w 2024-07-09 |y BK |k ING | ||
| 952 | |0 0 |1 0 |2 ddc |4 0 |6 515_330000000000000_LOP_2024 |7 0 |8 A |9 595500 |a BIBING |b BIBING |c GEN |d 2024-07-08 |e Donación |h v.3 |i 5661909 |o 515.33 LOP 2024 |p 5661909 |r 2025-01-20 |t 10 |w 2024-07-09 |y BK |k ING | ||
| 952 | |0 0 |1 0 |2 ddc |4 0 |6 515_330000000000000_LOP_2024 |7 0 |8 A |9 595501 |a BIBING |b BIBING |c GEN |d 2024-07-08 |e Donación |h v.3 |i 5661908 |o 515.33 LOP 2024 |p 5661908 |r 2025-01-20 |t 9 |w 2024-07-09 |y BK |k ING | ||
| 952 | |0 0 |1 0 |2 ddc |4 0 |6 515_330000000000000_LOP_2024 |7 0 |8 A |9 595502 |a BIBING |b BIBING |c GEN |d 2024-07-08 |e Donación |h v.3 |i 5661907 |o 515.33 LOP 2024 |p 5661907 |r 2025-01-20 |t 8 |w 2024-07-09 |y BK |k ING | ||
| 952 | |0 0 |1 0 |2 ddc |4 0 |6 515_330000000000000_LOP_2024 |7 0 |8 A |9 595503 |a BIBING |b BIBING |c GEN |d 2024-07-08 |e Donación |h v.3 |i 5661906 |o 515.33 LOP 2024 |p 5661906 |r 2025-01-20 |t 7 |w 2024-07-09 |y BK |k ING | ||
| 952 | |0 0 |1 0 |2 ddc |4 0 |6 515_330000000000000_LOP_2024 |7 0 |8 A |9 595504 |a BIBING |b BIBING |c GEN |d 2024-07-08 |e Donación |h v.3 |i 5661905 |o 515.33 LOP 2024 |p 5661905 |r 2025-01-20 |t 6 |w 2024-07-09 |y BK |k ING | ||
| 952 | |0 0 |1 0 |2 ddc |4 0 |6 515_330000000000000_LOP_2024 |7 0 |8 A |9 595505 |a BIBING |b BIBING |c GEN |d 2024-07-08 |e Donación |h v.3 |i 5661904 |o 515.33 LOP 2024 |p 5661904 |r 2025-01-20 |t 5 |w 2024-07-09 |y BK |k ING | ||
| 952 | |0 0 |1 0 |2 ddc |4 0 |6 515_330000000000000_LOP_2024 |7 0 |8 A |9 595506 |a BIBING |b BIBING |c GEN |d 2024-07-08 |e Donación |h v.3 |i 5661903 |o 515.33 LOP 2024 |p 5661903 |r 2025-01-20 |t 4 |w 2024-07-09 |y BK |k ING | ||
| 952 | |0 0 |1 0 |2 ddc |4 0 |6 515_330000000000000_LOP_2024 |7 0 |8 A |9 595507 |a BIBING |b BIBING |c GEN |d 2024-07-08 |e Donación |h v.3 |i 5661902 |o 515.33 LOP 2024 |p 5661902 |r 2025-01-20 |t 3 |w 2024-07-09 |y BK |k ING | ||
| 952 | |0 0 |1 0 |2 ddc |4 0 |6 515_330000000000000_LOP_2024 |7 0 |8 A |9 595508 |a BIBING |b BIBING |c GEN |d 2024-07-08 |e Donación |h v.3 |i 5661901 |o 515.33 LOP 2024 |p 5661901 |r 2025-01-20 |t 2 |w 2024-07-09 |y BK |k ING | ||
| 952 | |0 0 |1 0 |2 ddc |4 0 |6 515_330000000000000_LOP_2024 |7 0 |8 A |9 595672 |a BIBING |b BIBING |c GEN |d 2024-07-08 |e Donación |h v.3 |i 5661925 |o 515.33 LOP 2024 |p 5661925 |r 2025-01-20 |t 26 |w 2024-07-09 |y BK |k ING | ||
| 952 | |0 0 |1 0 |2 ddc |4 0 |6 515_330000000000000_LOP_2024 |7 0 |8 A |9 595673 |a BIBING |b BIBING |c GEN |d 2024-07-08 |e Donación |h v.3 |i 5661926 |o 515.33 LOP 2024 |p 5661926 |r 2025-01-20 |t 27 |w 2024-07-09 |y BK |k ING | ||
| 952 | |0 0 |1 0 |2 ddc |4 0 |6 515_330000000000000_LOP_2024 |7 0 |8 A |9 595674 |a BIBING |b BIBING |c GEN |d 2024-07-08 |e Donación |h v.3 |i 5661927 |o 515.33 LOP 2024 |p 5661927 |r 2025-01-20 |t 28 |w 2024-07-09 |y BK |k ING | ||
| 952 | |0 0 |1 0 |2 ddc |4 0 |6 515_330000000000000_LOP_2024 |7 0 |8 A |9 595675 |a BIBING |b BIBING |c GEN |d 2024-07-08 |e Donación |h v.3 |i 5661928 |o 515.33 LOP 2024 |p 5661928 |r 2025-01-20 |t 29 |w 2024-07-09 |y BK |k ING | ||
| 952 | |0 0 |1 0 |2 ddc |4 0 |6 515_330000000000000_LOP_2024 |7 0 |8 A |9 595676 |a BIBING |b BIBING |c GEN |d 2024-07-08 |e Donación |h v.3 |i 5661929 |o 515.33 LOP 2024 |p 5661929 |r 2025-01-20 |t 30 |w 2024-07-09 |y BK |k ING | ||
| 952 | |0 0 |1 0 |2 ddc |4 0 |6 515_330000000000000_LOP_2024 |7 0 |8 A |9 595677 |a BIBING |b BIBING |c GEN |d 2024-07-08 |e Donación |h v.3 |i 5661930 |o 515.33 LOP 2024 |p 5661930 |r 2025-01-20 |t 31 |w 2024-07-09 |y BK |k ING | ||
| 952 | |0 0 |1 0 |2 ddc |4 0 |6 515_330000000000000_LOP_2024 |7 0 |8 A |9 595678 |a BIBING |b BIBING |c GEN |d 2024-07-08 |e Donación |h v.3 |i 5661931 |o 515.33 LOP 2024 |p 5661931 |r 2025-01-20 |t 32 |w 2024-07-09 |y BK |k ING | ||
| 952 | |0 0 |1 0 |2 ddc |4 0 |6 515_330000000000000_LOP_2024 |7 0 |8 A |9 595679 |a BIBING |b BIBING |c GEN |d 2024-07-08 |e Donación |h v.3 |i 5661932 |o 515.33 LOP 2024 |p 5661932 |r 2025-01-20 |t 33 |w 2024-07-09 |y BK |k ING | ||
| 952 | |0 0 |1 0 |2 ddc |4 0 |6 515_330000000000000_LOP_2024 |7 0 |8 A |9 595680 |a BIBING |b BIBING |c GEN |d 2024-07-08 |e Donación |h v.3 |i 5661933 |o 515.33 LOP 2024 |p 5661933 |r 2025-01-20 |t 34 |w 2024-07-09 |y BK |k ING | ||
| 952 | |0 0 |1 0 |2 ddc |4 0 |6 515_330000000000000_LOP_2024 |7 0 |8 A |9 595681 |a BIBING |b BIBING |c GEN |d 2024-07-08 |e Donación |h v.3 |i 5661934 |o 515.33 LOP 2024 |p 5661934 |r 2025-01-20 |t 35 |w 2024-07-09 |y BK |k ING | ||
| 952 | |0 0 |1 0 |2 ddc |4 0 |6 515_330000000000000_LOP_2024 |7 0 |8 A |9 595682 |a BIBING |b BIBING |c GEN |d 2024-07-08 |e Donación |h v.3 |i 5661935 |o 515.33 LOP 2024 |p 5661935 |r 2025-01-20 |t 36 |w 2024-07-09 |y BK |k ING | ||
| 952 | |0 0 |1 0 |2 ddc |4 0 |6 515_330000000000000_LOP_2024 |7 0 |8 A |9 595683 |a BIBING |b BIBING |c GEN |d 2024-07-08 |e Donación |h v.3 |i 5661936 |o 515.33 LOP 2024 |p 5661936 |r 2025-01-20 |t 37 |w 2024-07-09 |y BK |k ING | ||
| 952 | |0 0 |1 0 |2 ddc |4 0 |6 515_330000000000000_LOP_2024 |7 0 |8 A |9 595684 |a BIBING |b BIBING |c GEN |d 2024-07-08 |e Donación |h v.3 |i 5661937 |o 515.33 LOP 2024 |p 5661937 |r 2025-01-20 |t 38 |w 2024-07-09 |y BK |k ING | ||
| 952 | |0 0 |1 0 |2 ddc |4 0 |6 515_330000000000000_LOP_2024 |7 0 |8 A |9 595685 |a BIBING |b BIBING |c GEN |d 2024-07-08 |e Donación |h v.3 |i 5661938 |o 515.33 LOP 2024 |p 5661938 |r 2025-01-20 |t 39 |w 2024-07-09 |y BK |k ING | ||
| 952 | |0 0 |1 0 |2 ddc |4 0 |6 515_330000000000000_LOP_2024 |7 0 |8 A |9 595686 |a BIBING |b BIBING |c GEN |d 2024-07-08 |e Donación |h v.3 |i 5661939 |l 3 |m 3 |o 515.33 LOP 2024 |p 5661939 |r 2025-04-07 |s 2025-03-31 |t 40 |w 2024-07-09 |y BK |k ING | ||
| 952 | |0 0 |1 0 |2 ddc |4 0 |6 515_330000000000000_LOP_2024 |7 0 |8 A |9 595687 |a BIBING |b BIBING |c GEN |d 2024-07-08 |e Donación |h v.3 |i 5661940 |l 3 |m 1 |o 515.33 LOP 2024 |p 5661940 |q 2025-05-02 |r 2025-04-25 |s 2025-04-25 |t 41 |w 2024-07-09 |y BK |k ING | ||
| 952 | |0 0 |1 0 |2 ddc |4 0 |6 515_330000000000000_LOP_2024 |7 0 |8 A |9 595688 |a BIBING |b BIBING |c GEN |d 2024-07-08 |e Donación |h v.3 |i 5661941 |o 515.33 LOP 2024 |p 5661941 |r 2025-01-20 |t 42 |w 2024-07-09 |y BK |k ING | ||
| 952 | |0 0 |1 0 |2 ddc |4 0 |6 515_330000000000000_LOP_2024 |7 0 |8 A |9 595689 |a BIBING |b BIBING |c GEN |d 2024-07-08 |e Donación |h v.3 |i 5661942 |l 3 |o 515.33 LOP 2024 |p 5661942 |r 2025-03-26 |s 2025-03-19 |t 43 |w 2024-07-09 |y BK |k ING | ||
| 952 | |0 0 |1 0 |2 ddc |4 0 |6 515_330000000000000_LOP_2024 |7 0 |8 A |9 595690 |a BIBING |b BIBING |c GEN |d 2024-07-08 |e Donación |h v.3 |i 5661943 |l 1 |m 1 |o 515.33 LOP 2024 |p 5661943 |r 2025-01-20 |s 2024-09-23 |t 44 |w 2024-07-09 |y BK |k ING | ||
| 952 | |0 0 |1 0 |2 ddc |4 0 |6 515_330000000000000_LOP_2024 |7 0 |8 A |9 595691 |a BIBING |b BIBING |c GEN |d 2024-07-08 |e Donación |h v.3 |i 5661944 |l 2 |m 1 |o 515.33 LOP 2024 |p 5661944 |r 2025-01-20 |s 2024-11-05 |t 45 |w 2024-07-09 |y BK |k ING | ||
| 952 | |0 0 |1 0 |2 ddc |4 0 |6 515_330000000000000_LOP_2024 |7 0 |8 A |9 595692 |a BIBING |b BIBING |c GEN |d 2024-07-08 |e Donación |h v.3 |i 5661945 |l 2 |o 515.33 LOP 2024 |p 5661945 |r 2025-04-30 |s 2025-04-24 |t 46 |w 2024-07-09 |y BK |k ING | ||
| 952 | |0 0 |1 0 |2 ddc |4 0 |6 515_330000000000000_LOP_2024 |7 0 |8 A |9 595693 |a BIBING |b BIBING |c GEN |d 2024-07-08 |e Donación |h v.3 |i 5661946 |o 515.33 LOP 2024 |p 5661946 |r 2025-01-20 |t 47 |w 2024-07-09 |y BK |k ING | ||
| 952 | |0 0 |1 0 |2 ddc |4 0 |6 515_330000000000000_LOP_2024 |7 0 |8 A |9 595694 |a BIBING |b BIBING |c GEN |d 2024-07-08 |e Donación |h v.3 |i 5661947 |l 5 |o 515.33 LOP 2024 |p 5661947 |r 2025-05-08 |s 2025-04-25 |t 48 |w 2024-07-09 |y BK |k ING | ||
| 952 | |0 0 |1 0 |2 ddc |4 0 |6 515_330000000000000_LOP_2024 |7 0 |8 A |9 595695 |a BIBING |b BIBING |c GEN |d 2024-07-08 |e Donación |h v.3 |i 5661948 |l 2 |o 515.33 LOP 2024 |p 5661948 |r 2025-01-20 |s 2024-12-11 |t 49 |w 2024-07-09 |y BK |k ING | ||
| 952 | |0 0 |1 0 |2 ddc |4 0 |6 515_330000000000000_LOP_2024 |7 0 |8 A |9 595696 |a BIBING |b BIBING |c GEN |d 2024-07-08 |e Donación |h v.3 |i 5661949 |l 1 |o 515.33 LOP 2024 |p 5661949 |r 2025-01-20 |s 2024-08-05 |t 50 |w 2024-07-09 |y BK |k ING | ||
| 952 | |0 0 |1 0 |2 ddc |4 0 |6 515_330000000000000_LOP_2024 |7 0 |8 A |9 595841 |a BIBING |b BIBING |c GEN |d 2024-07-08 |e Donación |h v.3 |i 5661950 |o 515.33 LOP 2024 |p 5661950 |r 2025-01-20 |t 51 |w 2024-07-09 |y BK |k ING | ||
| 952 | |0 0 |1 0 |2 ddc |4 0 |6 515_330000000000000_LOP_2024 |7 0 |8 A |9 595842 |a BIBING |b BIBING |c GEN |d 2024-07-08 |e Donación |h v.3 |i 5661951 |o 515.33 LOP 2024 |p 5661951 |r 2025-01-20 |t 52 |w 2024-07-09 |y BK |k ING | ||
| 952 | |0 0 |1 0 |2 ddc |4 0 |6 515_330000000000000_LOP_2024 |7 0 |8 A |9 595843 |a BIBING |b BIBING |c GEN |d 2024-07-08 |e Donación |h v.3 |i 5661952 |o 515.33 LOP 2024 |p 5661952 |r 2025-01-20 |t 53 |w 2024-07-09 |y BK |k ING | ||
| 952 | |0 0 |1 0 |2 ddc |4 0 |6 515_330000000000000_LOP_2024 |7 0 |8 A |9 595844 |a BIBING |b BIBING |c GEN |d 2024-07-08 |e Donación |h v.3 |i 5661953 |l 3 |m 1 |o 515.33 LOP 2024 |p 5661953 |q 2025-05-13 |r 2025-04-29 |s 2025-04-29 |t 54 |w 2024-07-09 |y BK |k ING | ||
| 952 | |0 0 |1 0 |2 ddc |4 0 |6 515_330000000000000_LOP_2024 |7 0 |8 A |9 595845 |a BIBING |b BIBING |c GEN |d 2024-07-08 |e Donación |h v.3 |i 5661954 |l 1 |o 515.33 LOP 2024 |p 5661954 |r 2025-01-20 |s 2024-11-28 |t 55 |w 2024-07-09 |y BK |k ING | ||
| 952 | |0 0 |1 0 |2 ddc |4 0 |6 515_330000000000000_LOP_2024 |7 0 |8 A |9 595846 |a BIBING |b BIBING |c GEN |d 2024-07-08 |e Donación |h v.3 |i 5661955 |l 1 |o 515.33 LOP 2024 |p 5661955 |r 2025-01-20 |s 2024-08-12 |t 56 |w 2024-07-09 |y BK |k ING | ||
| 952 | |0 0 |1 0 |2 ddc |4 0 |6 515_330000000000000_LOP_2024 |7 0 |8 A |9 595847 |a BIBING |b BIBING |c GEN |d 2024-07-08 |e Donación |h v.3 |i 5661956 |o 515.33 LOP 2024 |p 5661956 |r 2025-01-20 |t 57 |w 2024-07-09 |y BK |k ING | ||
| 952 | |0 0 |1 0 |2 ddc |4 0 |6 515_330000000000000_LOP_2024 |7 0 |8 A |9 595848 |a BIBING |b BIBING |c GEN |d 2024-07-08 |e Donación |h v.3 |i 5661957 |o 515.33 LOP 2024 |p 5661957 |r 2025-01-20 |t 58 |w 2024-07-09 |y BK |k ING | ||
| 952 | |0 0 |1 0 |2 ddc |4 0 |6 515_330000000000000_LOP_2024 |7 0 |8 A |9 595849 |a BIBING |b BIBING |c GEN |d 2024-07-08 |e Donación |h v.3 |i 5661958 |o 515.33 LOP 2024 |p 5661958 |r 2025-01-20 |t 59 |w 2024-07-09 |y BK |k ING | ||
| 952 | |0 0 |1 0 |2 ddc |4 0 |6 515_330000000000000_LOP_2024 |7 0 |8 A |9 595850 |a BIBING |b BIBING |c GEN |d 2024-07-08 |e Donación |h v.3 |i 5661959 |o 515.33 LOP 2024 |p 5661959 |r 2025-01-20 |t 60 |w 2024-07-09 |y BK |k ING | ||
| 952 | |0 0 |1 0 |2 ddc |4 0 |6 515_330000000000000_LOP_2024 |7 0 |8 A |9 595851 |a BIBING |b BIBING |c GEN |d 2024-07-08 |e Donación |h v.3 |i 5661960 |o 515.33 LOP 2024 |p 5661960 |r 2025-01-20 |t 61 |w 2024-07-09 |y BK |k ING | ||
| 952 | |0 0 |1 0 |2 ddc |4 0 |6 515_330000000000000_LOP_2024 |7 0 |8 A |9 595852 |a BIBING |b BIBING |c GEN |d 2024-07-08 |e Donación |h v.3 |i 5661961 |o 515.33 LOP 2024 |p 5661961 |r 2025-01-20 |t 62 |w 2024-07-09 |y BK |k ING | ||
| 952 | |0 0 |1 0 |2 ddc |4 0 |6 515_330000000000000_LOP_2024 |7 0 |8 A |9 595853 |a BIBING |b BIBING |c GEN |d 2024-07-08 |e Donación |h v.3 |i 5661962 |l 1 |o 515.33 LOP 2024 |p 5661962 |q 2025-05-14 |r 2025-05-07 |s 2025-05-07 |t 63 |w 2024-07-09 |y BK |k ING | ||
| 952 | |0 0 |1 0 |2 ddc |4 0 |6 515_330000000000000_LOP_2024 |7 0 |8 A |9 595854 |a BIBMAT |b BIBMAT |c GEN |d 2024-07-08 |e Donación |h v.3 |i 5661963 |l 1 |o 515.33 LOP 2024 |p 5661963 |r 2025-01-20 |s 2024-12-02 |t 64 |w 2024-07-09 |y BK |k MAT | ||
| 952 | |0 0 |1 0 |2 ddc |4 0 |6 515_330000000000000_LOP_2024 |7 0 |8 A |9 595855 |a BIBING |b BIBING |c GEN |d 2024-07-08 |e Donación |h v.3 |i 5661964 |o 515.33 LOP 2024 |p 5661964 |r 2025-01-20 |t 65 |w 2024-07-09 |y BK |k ING | ||
| 952 | |0 0 |1 0 |2 ddc |4 0 |6 515_330000000000000_LOP_2024 |7 0 |8 A |9 595856 |a BIBING |b BIBING |c GEN |d 2024-07-08 |e Donación |h v.3 |i 5661965 |o 515.33 LOP 2024 |p 5661965 |r 2025-01-20 |t 66 |w 2024-07-09 |y BK |k ING | ||
| 952 | |0 0 |1 0 |2 ddc |4 0 |6 515_330000000000000_LOP_2024 |7 0 |8 A |9 595857 |a BIBING |b BIBING |c GEN |d 2024-07-08 |e Donación |h v.3 |i 5661966 |o 515.33 LOP 2024 |p 5661966 |r 2025-01-20 |t 67 |w 2024-07-09 |y BK |k ING | ||
| 952 | |0 0 |1 0 |2 ddc |4 0 |6 515_330000000000000_LOP_2024 |7 0 |8 A |9 595858 |a BIBING |b BIBING |c GEN |d 2024-07-08 |e Donación |h v.3 |i 5661967 |o 515.33 LOP 2024 |p 5661967 |r 2025-01-20 |t 68 |w 2024-07-09 |y BK |k ING | ||
| 952 | |0 0 |1 0 |2 ddc |4 0 |6 515_330000000000000_LOP_2024 |7 0 |8 A |9 595859 |a BIBING |b BIBING |c GEN |d 2024-07-08 |e Donación |h v.3 |i 5661968 |o 515.33 LOP 2024 |p 5661968 |r 2025-01-20 |t 69 |w 2024-07-09 |y BK |k ING | ||
| 952 | |0 0 |1 0 |2 ddc |4 0 |6 515_330000000000000_LOP_2024 |7 0 |8 A |9 595860 |a BIBING |b BIBING |c GEN |d 2024-07-08 |e Donación |h v.3 |i 5661969 |l 4 |o 515.33 LOP 2024 |p 5661969 |r 2025-03-31 |s 2025-03-25 |t 70 |w 2024-07-09 |y BK |k ING | ||
| 952 | |0 0 |1 0 |2 ddc |4 0 |6 515_330000000000000_LOP_2024 |7 0 |8 A |9 595861 |a BIBING |b BIBING |c GEN |d 2024-07-08 |e Donación |h v.3 |i 5661970 |o 515.33 LOP 2024 |p 5661970 |r 2025-01-20 |t 71 |w 2024-07-09 |y BK |k ING | ||
| 952 | |0 0 |1 0 |2 ddc |4 0 |6 515_330000000000000_LOP_2024 |7 0 |8 A |9 595862 |a BIBING |b BIBING |c GEN |d 2024-07-08 |e Donación |h v.3 |i 5661971 |l 3 |m 2 |o 515.33 LOP 2024 |p 5661971 |q 2025-05-15 |r 2025-04-24 |s 2025-04-24 |t 72 |w 2024-07-09 |y BK |k ING | ||
| 952 | |0 0 |1 0 |2 ddc |4 0 |6 515_330000000000000_LOP_2024 |7 0 |8 A |9 595863 |a BIBING |b BIBING |c GEN |d 2024-07-08 |e Donación |h v.3 |i 5661972 |l 3 |m 3 |o 515.33 LOP 2024 |p 5661972 |q 2025-05-15 |r 2025-04-25 |s 2025-04-25 |t 73 |w 2024-07-09 |y BK |k ING | ||
| 952 | |0 0 |1 0 |2 ddc |4 0 |6 515_330000000000000_LOP_2024 |7 0 |8 A |9 595864 |a BIBING |b BIBING |c GEN |d 2024-07-08 |e Donación |h v.3 |i 5661973 |l 1 |o 515.33 LOP 2024 |p 5661973 |r 2025-01-20 |s 2024-11-18 |t 74 |w 2024-07-09 |y BK |k ING | ||
| 952 | |0 0 |1 0 |2 ddc |4 0 |6 515_330000000000000_LOP_2024 |7 0 |8 A |9 595865 |a BIBING |b BIBING |c GEN |d 2024-07-08 |e Donación |h v.3 |i 5661974 |l 1 |o 515.33 LOP 2024 |p 5661974 |r 2025-01-20 |s 2024-11-18 |t 75 |w 2024-07-09 |y BK |k ING | ||
| 952 | |0 0 |1 0 |2 ddc |4 0 |6 515_330000000000000_LOP_2024 |7 0 |8 A |9 595991 |a BIBING |b BIBING |c GEN |d 2024-07-08 |e Donación |h v.3 |i 5661975 |l 5 |m 1 |o 515.33 LOP 2024 |p 5661975 |r 2025-05-02 |s 2025-04-25 |t 76 |w 2024-07-09 |y BK |k ING | ||
| 952 | |0 0 |1 0 |2 ddc |4 0 |6 515_330000000000000_LOP_2024 |7 0 |8 A |9 595992 |a BIBING |b BIBING |c GEN |d 2024-07-08 |e Donación |h v.3 |i 5661976 |l 2 |o 515.33 LOP 2024 |p 5661976 |r 2025-01-20 |s 2024-11-14 |t 77 |w 2024-07-09 |y BK |k ING | ||
| 952 | |0 0 |1 0 |2 ddc |4 0 |6 515_330000000000000_LOP_2024 |7 0 |8 A |9 595993 |a BIBING |b BIBING |c GEN |d 2024-07-08 |e Donación |h v.3 |i 5661977 |l 3 |m 2 |o 515.33 LOP 2024 |p 5661977 |q 2025-05-14 |r 2025-05-07 |s 2025-05-07 |t 78 |w 2024-07-09 |y BK |k ING | ||
| 952 | |0 0 |1 0 |2 ddc |4 0 |6 515_330000000000000_LOP_2024 |7 0 |8 A |9 595994 |a BIBING |b BIBING |c GEN |d 2024-07-08 |e Donación |h v.3 |i 5661978 |l 1 |o 515.33 LOP 2024 |p 5661978 |r 2025-03-24 |s 2025-03-17 |t 79 |w 2024-07-09 |y BK |k ING | ||
| 952 | |0 0 |1 0 |2 ddc |4 0 |6 515_330000000000000_LOP_2024 |7 0 |8 A |9 595995 |a BIBING |b BIBING |c GEN |d 2024-07-08 |e Donación |h v.3 |i 5661979 |l 5 |m 1 |o 515.33 LOP 2024 |p 5661979 |r 2025-01-20 |s 2024-10-17 |t 80 |w 2024-07-09 |y BK |k ING | ||
| 952 | |0 0 |1 0 |2 ddc |4 0 |6 515_330000000000000_LOP_2024 |7 0 |8 A |9 595996 |a BIBING |b BIBING |c GEN |d 2024-07-08 |e Donación |h v.3 |i 5661980 |o 515.33 LOP 2024 |p 5661980 |r 2025-01-20 |t 81 |w 2024-07-09 |y BK |k ING | ||
| 952 | |0 0 |1 0 |2 ddc |4 0 |6 515_330000000000000_LOP_2024 |7 0 |8 A |9 595997 |a BIBING |b BIBING |c GEN |d 2024-07-08 |e Donación |h v.3 |i 5661981 |l 4 |o 515.33 LOP 2024 |p 5661981 |r 2025-04-21 |s 2025-04-11 |t 82 |w 2024-07-09 |y BK |k ING | ||
| 952 | |0 0 |1 0 |2 ddc |4 0 |6 515_330000000000000_LOP_2024 |7 0 |8 A |9 595998 |a BIBING |b BIBING |c GEN |d 2024-07-08 |e Donación |h v.3 |i 5661982 |o 515.33 LOP 2024 |p 5661982 |r 2025-01-20 |t 83 |w 2024-07-09 |y BK |k ING | ||
| 952 | |0 0 |1 0 |2 ddc |4 0 |6 515_330000000000000_LOP_2024 |7 0 |8 A |9 595999 |a BIBING |b BIBING |c GEN |d 2024-07-08 |e Donación |h v.3 |i 5661983 |o 515.33 LOP 2024 |p 5661983 |r 2025-01-20 |t 84 |w 2024-07-09 |y BK |k ING | ||
| 952 | |0 0 |1 0 |2 ddc |4 0 |6 515_330000000000000_LOP_2024 |7 0 |8 A |9 596000 |a BIBING |b BIBING |c GEN |d 2024-07-08 |e Donación |h v.3 |i 5661984 |l 1 |o 515.33 LOP 2024 |p 5661984 |r 2025-01-20 |s 2024-11-05 |t 85 |w 2024-07-09 |y BK |k ING | ||
| 952 | |0 0 |1 0 |2 ddc |4 0 |6 515_330000000000000_LOP_2024 |7 0 |8 A |9 596001 |a BIBMEC |b BIBMEC |c GEN |d 2024-07-08 |e Donación |h v.3 |i 5661985 |o 515.33 LOP 2024 |p 5661985 |r 2024-07-24 |t 86 |w 2024-07-09 |y BK |k MEC | ||
| 952 | |0 0 |1 0 |2 ddc |4 0 |6 515_330000000000000_LOP_2024 |7 0 |8 A |9 596002 |a BIBMEC |b BIBMEC |c GEN |d 2024-07-08 |e Donación |h v.3 |i 5661986 |o 515.33 LOP 2024 |p 5661986 |r 2024-07-24 |t 87 |w 2024-07-09 |y BK |k MEC | ||
| 952 | |0 0 |1 0 |2 ddc |4 0 |6 515_330000000000000_LOP_2024 |7 0 |8 A |9 596003 |a BIBMEC |b BIBMEC |c GEN |d 2024-07-08 |e Donación |h v.3 |i 5661987 |o 515.33 LOP 2024 |p 5661987 |r 2024-07-24 |t 88 |w 2024-07-09 |y BK |k MEC | ||
| 952 | |0 0 |1 0 |2 ddc |4 0 |6 515_330000000000000_LOP_2024 |7 0 |8 A |9 596004 |a BIBMEC |b BIBMEC |c GEN |d 2024-07-08 |e Donación |h v.3 |i 5661988 |o 515.33 LOP 2024 |p 5661988 |r 2024-07-24 |t 89 |w 2024-07-09 |y BK |k MEC | ||
| 952 | |0 0 |1 0 |2 ddc |4 0 |6 515_330000000000000_LOP_2024 |7 0 |8 A |9 596005 |a BIBMEC |b BIBMEC |c GEN |d 2024-07-08 |e Donación |h v.3 |i 5661989 |o 515.33 LOP 2024 |p 5661989 |r 2024-07-24 |t 90 |w 2024-07-09 |y BK |k MEC | ||
| 952 | |0 0 |1 0 |2 ddc |4 0 |6 515_330000000000000_LOP_2024 |7 0 |8 A |9 596006 |a BIBMEC |b BIBMEC |c GEN |d 2024-07-08 |e Donación |h v.3 |i 5661990 |o 515.33 LOP 2024 |p 5661990 |r 2024-07-24 |t 91 |w 2024-07-09 |y BK |k MEC | ||
| 952 | |0 0 |1 0 |2 ddc |4 0 |6 515_330000000000000_LOP_2024 |7 0 |8 A |9 596007 |a BIBMEC |b BIBMEC |c GEN |d 2024-07-08 |e Donación |h v.3 |i 5661991 |l 2 |o 515.33 LOP 2024 |p 5661991 |q 2025-05-13 |r 2025-05-06 |s 2025-05-06 |t 92 |w 2024-07-09 |y BK |k MEC | ||
| 952 | |0 0 |1 0 |2 ddc |4 0 |6 515_330000000000000_LOP_2024 |7 0 |8 A |9 596010 |a BIBMEC |b BIBMEC |d 2024-07-08 |e Donación |h v.3 |i 5661992 |o 515.33 LOP 2024 |p 5661992 |r 2024-07-24 |t 93 |w 2024-07-09 |y BK |k MEC | ||
| 952 | |0 0 |1 0 |2 ddc |4 0 |6 515_330000000000000_LOP_2024 |7 0 |8 A |9 596011 |a BIBMEC |b BIBMEC |d 2024-07-08 |e Donación |h v.3 |i 5661993 |o 515.33 LOP 2024 |p 5661993 |r 2024-07-24 |t 94 |w 2024-07-09 |y BK |k MEC | ||
| 952 | |0 0 |1 0 |2 ddc |4 0 |6 515_330000000000000_LOP_2024 |7 0 |8 A |9 596012 |a BIBMEC |b BIBMEC |d 2024-07-08 |e Donación |h v.3 |i 5661994 |o 515.33 LOP 2024 |p 5661994 |r 2024-07-24 |t 95 |w 2024-07-09 |y BK |k MEC | ||
| 952 | |0 0 |1 0 |2 ddc |4 0 |6 515_330000000000000_LOP_2024 |7 0 |8 A |9 596013 |a BIBMEC |b BIBMEC |d 2024-07-08 |e Donación |h v.3 |i 5661995 |l 2 |o 515.33 LOP 2024 |p 5661995 |q 2025-05-14 |r 2025-05-07 |s 2025-05-07 |t 96 |w 2024-07-09 |y BK |k MEC | ||
| 952 | |0 0 |1 0 |2 ddc |4 0 |6 515_330000000000000_LOP_2024 |7 0 |8 A |9 596014 |a BIBMEC |b BIBMEC |d 2024-07-08 |e Donación |h v.3 |i 5661996 |o 515.33 LOP 2024 |p 5661996 |r 2024-07-24 |t 97 |w 2024-07-09 |y BK |k MEC | ||
| 952 | |0 0 |1 0 |2 ddc |4 0 |6 515_330000000000000_LOP_2024 |7 0 |8 A |9 596015 |a BIBMEC |b BIBMEC |d 2024-07-08 |e Donación |h v.3 |i 5661997 |o 515.33 LOP 2024 |p 5661997 |r 2024-07-24 |t 98 |w 2024-07-09 |y BK |k MEC | ||
| 952 | |0 0 |1 0 |2 ddc |4 0 |6 515_330000000000000_LOP_2024 |7 0 |8 A |9 596016 |a BIBMEC |b BIBMEC |d 2024-07-08 |e Donación |h v.3 |i 5661998 |l 2 |o 515.33 LOP 2024 |p 5661998 |q 2025-05-13 |r 2025-05-06 |s 2025-05-06 |t 99 |w 2024-07-09 |y BK |k MEC | ||
| 952 | |0 0 |1 0 |2 ddc |4 0 |6 515_330000000000000_LOP_2024 |7 0 |8 A |9 596017 |a BIBMEC |b BIBMEC |d 2024-07-08 |e Donación |h v.3 |i 5661999 |l 3 |o 515.33 LOP 2024 |p 5661999 |q 2025-05-19 |r 2025-05-05 |s 2025-05-05 |t 100 |w 2024-07-09 |y BK |k MEC | ||